Migrácia a jej vplyv na vnútornú politiku a medzinárodné vzťahy

Na minha lista:
Detalhes bibliográficos
Autor principal: Liďák, Ján
Outros Autores: Koganová, Viera
Formato: Capítulo de Livro
Idioma:eslovaco
Tags: Adicionar Tag
Sem tags, seja o primeiro a adicionar uma tag!

MARC

LEADER 00000naa$a2200000$$$4500
001 0136298
005 20240502083328.5
041 0 |a slo 
044 |a CZ 
245 1 0 |a Migrácia a jej vplyv na vnútornú politiku a medzinárodné vzťahy  |c Ján Liďák, Viera Koganová 
100 1 |a Liďák, Ján 
700 1 |a Koganová, Viera